Statistics for Most Common Girl Names

Click here to take the quiz!

General Stats

  • This quiz has been taken 967 times
  • The average score is 66 of 100

Answer Stats

HintAnswer% Correct
1059 | 1915 | 1916 | +38 othersMary
84%
2008 | 2014Emma
67%
1996 | 1997 | 1998 | +9 othersEmily
62%
1970 | 1971 | 1972 | +12 othersJennifer
61%
1985 | 1986 | 1987 | +6 othersJessica
54%
2009 | 2010Isabella
48%
2011 | 2012 | 2013Sophia
47%
1962 | 1963 | 1964 | +5 othersLisa
38%
1991 | 1992Ashley
36%
1947 | 1948 | 1949 | +3 othersLinda
35%

Score Distribution

Percentile by Number Answered

Percent of People with Each Score

Your Score History

You have not taken this quiz